000 00709cam a2200253 a 4500
001 17033034
005 20180313081033.0
008 111103s2013 ohuak 001 0 eng
010 _a 2011942665
020 _a9781133188636 (hbk.)
020 _a113318863X (hbk.)
040 _aDLC
_cDLC
_dDLC
041 _aeng
042 _apcc
043 _an-us---
080 _a33 ric
100 1 _a89
101 _abus
245 1 0 _aEssentials of business law and the legal environment /
_cRichard A. Mann, Barry S. Roberts.
906 _a7
_bcbc
_corigcop
_d2
_eepcn
_f20
_gy-gencatlg
942 _2ddc
_cBK
999 _c44888
_d44888